00981nam a2200229 a 450000100100000000500170001000800410002702000150006804000250008308200170010824502040012525000110032926000490034030000330038949000380042250400740046053401070053470000240064170000280066570000200069383000380071300002546320200930023815.0110216s1978 mx a r 000 0 spa d a9682301947 aDO-SdBNPbspacBNPHU axxxxxbB687r04aLos bolcheviques y la revolución de octubre :bactas del comité central del partido obrero social demócrata ruso /ctraducción Max Figueroa , Carlos Álvarez ; introducción Giuseppe Boffa. a2a ed. aMéxico, D. F. :bPasado y Presente,c1978. axxv, 288 p. :bil. ;c21 cm.1 a28 cuadernos de pasado y presente aIncluye referencias bibliográficas y notas al pie de las páginas. pTítulo original.tLes bolcheviks et la révolution d´octobre.cparís : françois maspero, 1964.1 afigueroa, Max,etr.1 aÁlvarez, Carlos,etr.1 aBoffa, Giuseppe 0a28 cuadernos de pasado y presente